000 00366nam a2200145Ia 4500
008 210719s1850 xx 000 0 und d
041 _aeng
082 _a821.4 HERH
100 _aHERRICK
245 _aHerrick's hesperides and noble numbers.
260 _aLondon
_bJ M Dent and Company
_c1850
300 _axvi,512
_bHB
365 _cRs
650 _aEnglish Poetry
999 _c214037
_d214037